Túl a hetvenediken [fényképpel] /
Elmentve itt :
| Szerző: | |
|---|---|
| Dokumentumtípus: | Cikk |
| Megjelent: |
1970-11-15
|
| Sorozat: | Délmagyarország
60 No. 268 |
| Kulcsszavak: | Oláh Mihály, MSZMP, Pártmunka kommunista Szeged 1970 |
| Online Access: | http://dmarchiv.bibl.u-szeged.hu/62840 |
| LEADER | 00497nab a2200157 i 4500 | ||
|---|---|---|---|
| 001 | delm62840 | ||
| 005 | 20180927151241.0 | ||
| 008 | 180927s1970 hu o 0|| hun d | ||
| 040 | |a SZTE Délmagyarország Archívum |b hun | ||
| 041 | |a hun | ||
| 100 | 1 | |a Simai Mihály | |
| 245 | 1 | 0 | |a Túl a hetvenediken |h [elektronikus dokumentum] : |b [fényképpel] / |c Simai Mihály |
| 260 | |c 1970-11-15 | ||
| 300 | |a 5 | ||
| 490 | 0 | |a Délmagyarország |v 60 No. 268 | |
| 695 | |a Oláh Mihály, MSZMP, Pártmunka kommunista Szeged 1970 | ||